[Event "2015: The Year Of Darkcoin"]
[Site "SchemingMind.com"]
[Date "2014.12.14"]
[Round "-"]
[White "Derek Price"]
[Black "pcmvr"]
[Result "0-1"]
[WhiteCountry "ENG"]
[BlackCountry "NED"]
[WhiteElo "2297"]
[WhiteRD "87"]
[BlackElo "2482"]
[BlackRD "101"]
[GameID "371333"]

1. e4 e6 2. d3 d5 3. Nd2 Nf6 4. Ngf3 b6 5. g3 dxe4 6. dxe4 Bb7 7. Qe2 Nc6 8. c3 Be7 9. Bg2 Qb8 10. O-O a5
11. Rd1 O-O 12. e5 Nd7 13. Nc4 Rd8 14. Bf4 Qa7 15. Rd2 Nf8 16. Rad1 Rxd2 17. Rxd2 h6 18. Ne1 Qa6 19. a4 Rd8 20. Rxd8 Nxd8
21. Qd3 Bxg2 22. Kxg2 b5 23. axb5 Qxb5 24. Qe4 Nd7 25. Be3 a4 26. f4 Nb7 27. Nd3 Nbc5 28. Nxc5 Bxc5 29. Qa8+= Kh7 30. Qe4+ g6
31. Kh3 Kg7 32. Bxc5 Nxc5 33. Qd4 Nb3 34. Qe4 Qd7 35. Qe2 Nc5 36. Qe3 Nd3 37. Qe2 Qd5 38. Na3 h5 39. c4 Qd4 40. c5 c6
41. Nc2 Qc4 42. Qd2 Nxb2 43. Ne3 Qd3 44. Qxd3 Nxd3 45. Nc2 g5
0-1

[Event "2015: The Year Of Darkcoin"]
[Site "SchemingMind.com"]
[Date "2014.12.17"]
[Round "-"]
[White "Derek Price"]
[Black "smothered mate"]
[Result "1-0"]
[WhiteCountry "ENG"]
[BlackCountry "POL"]
[WhiteElo "2323"]
[WhiteRD "85"]
[BlackElo "1823"]
[BlackRD "66"]
[GameID "371334"]

1. e4 e5 2. Nf3 Nc6 3. Bb5 a6 4. Ba4 Nf6 5. O-O b5 6. Bb3 Be7 7. Re1 d6 8. c3 O-O 9. h3 Na5 10. Bc2 c5
11. d4 cxd4 12. cxd4 Bb7 13. d5 Rc8 14. Nbd2 Nc4 15. Nxc4 Rxc4 16. Bd3 Rc8 17. a4 bxa4 18. Rxa4 Nd7 19. Bxa6 Nc5 20. Bxb7 Nxb7
21. b4 Qd7 22. Bd2 f5 23. exf5 Rxf5 24. Ra7 Qb5 25. Nd4 exd4 26. Rxe7 Rb8 27. Qg4 Rf7 28. Qe6
1-0

[Event "2015: The Year Of Darkcoin"]
[Site "SchemingMind.com"]
[Date "2014.12.17"]
[Round "-"]
[White "smothered mate"]
[Black "Derek Price"]
[Result "0-1"]
[WhiteCountry "POL"]
[BlackCountry "ENG"]
[WhiteElo "1823"]
[WhiteRD "66"]
[BlackElo "2323"]
[BlackRD "85"]
[GameID "371335"]

1. e4 c5 2. Nf3 d6 3. d4 cxd4 4. Nxd4 Nf6 5. Nc3 a6 6. h3 e6 7. g4 Be7 8. Be3 b5 9. Bg2 Bb7 10. g5 Nfd7
11. Qg4 Ne5 12. Qg3 Nc4 13. Bc1 O-O 14. f4 d5 15. exd5 exd5 16. f5 Re8 17. Kf1 Nc6 18. Nce2 Nxd4 19. Nxd4 Bc5 20. c3 Qb6
21. Qg4 b4 22. f6 bxc3 23. bxc3 Re3 24. Nf5 Rxc3 25. Nh6+ gxh6 26. gxh6+ Kf8 27. Qg7+ Ke8 28. Qxh7 Qxf6+
0-1

[Event "2015: The Year Of Darkcoin"]
[Site "SchemingMind.com"]
[Date "2014.12.14"]
[Round "-"]
[White "Derek Price"]
[Black "Scooter"]
[Result "1-0"]
[WhiteCountry "ENG"]
[BlackCountry "USA"]
[WhiteElo "2332"]
[WhiteRD "76"]
[BlackElo "1778"]
[BlackRD "45"]
[GameID "371336"]

1. e4 c6 2. d4 d5 3. Nd2 dxe4 4. Nxe4 Bf5 5. Ng3 Bg6 6. N1e2 Nd7 7. h4 h6 8. Nf4 Bh7 9. Bc4 e6 10. c3 Ngf6
11. O-O Qc7 12. Re1 g5 13. Nxe6 fxe6 14. Rxe6+ Be7 15. Qe2 Qd8 16. hxg5 hxg5 17. Bxg5 Rf8 18. Re1
1-0

[Event "2015: The Year Of Darkcoin"]
[Site "SchemingMind.com"]
[Date "2014.12.14"]
[Round "-"]
[White "Scooter"]
[Black "Derek Price"]
[Result "0-1"]
[WhiteCountry "USA"]
[BlackCountry "ENG"]
[WhiteElo "1778"]
[WhiteRD "45"]
[BlackElo "2332"]
[BlackRD "76"]
[GameID "371337"]

1. d4 d5 2. Nf3 Nf6 3. Bf4 c5 4. e3 Nc6 5. Bb5 Qa5+ 6. Nc3 Ne4 7. Bxc6+ bxc6 8. O-O Nxc3 9. bxc3 Qxc3 10. Rb1 f6
11. dxc5 Qxc5 12. a4 Kf7 13. h3 g6 14. Qe2 e5 15. Bg3 Be7 16. Nd2 Qxc2
0-1

[Event "2015: The Year Of Darkcoin"]
[Site "SchemingMind.com"]
[Date "2014.12.15"]
[Round "-"]
[White "Derek Price"]
[Black "eun77"]
[Result "1-0"]
[WhiteCountry "ENG"]
[BlackCountry "ISR"]
[WhiteElo "2323"]
[WhiteRD "85"]
[BlackElo "1264"]
[BlackRD "56"]
[GameID "371338"]

1. e4 e5 2. Nf3 d6 3. Bc4 h6 4. O-O Nf6 5. Re1 Be7 6. c3 O-O 7. d4 exd4 8. cxd4 Nh7 9. Nc3 c6 10. Be3 Bg4
11. h3 Bxf3 12. Qxf3 Bg5 13. Qg3 Bxe3 14. Rxe3 d5 15. exd5 cxd5 16. Nxd5 Nc6 17. Rd1 Qg5 18. Qxg5 Nxg5 19. Ne7+ Nxe7 20. Rxe7 Rac8
21. Bb3 Ne6 22. Rxb7
1-0

[Event "2015: The Year Of Darkcoin"]
[Site "SchemingMind.com"]
[Date "2014.12.14"]
[Round "-"]
[White "eun77"]
[Black "Derek Price"]
[Result "0-1"]
[WhiteCountry "ISR"]
[BlackCountry "ENG"]
[WhiteElo "1264"]
[WhiteRD "56"]
[BlackElo "2323"]
[BlackRD "85"]
[GameID "371339"]

1. c4 e5 2. d3 Nf6 3. e4 Bc5 4. h3 O-O 5. Nf3 Nc6 6. Be2 d6 7. O-O h6 8. Be3 Bxe3 9. fxe3 Bd7 10. Nh2 Nh7
11. Bg4 Bxg4 12. Nxg4 Ng5 13. Nd2 Ne6 14. b3 Nc5 15. Nf2 Qg5 16. Nf3 Qxe3 17. Qd2 Qxd2 18. Nxd2 Nb4 19. Rfd1 Nbxd3 20. Nxd3 Nxd3
21. Nf3 Nc5
0-1

[Event "2015: The Year Of Darkcoin"]
[Site "SchemingMind.com"]
[Date "2014.12.14"]
[Round "-"]
[White "Derek Price"]
[Black "berns"]
[Result "1-0"]
[WhiteCountry "ENG"]
[BlackCountry "ENG"]
[WhiteElo "2332"]
[WhiteRD "76"]
[BlackElo "1611"]
[BlackRD "80"]
[GameID "371340"]

1. e4 e5 2. Nf3 Nc6 3. Bb5 a6 4. Ba4 b5 5. Bb3 Bc5 6. c3 Qf6 7. d3 h6 8. Qe2 d6 9. Be3 Bxe3 10. Qxe3 Nge7
11. Nbd2 Bg4 12. O-O O-O 13. Rfe1 a5 14. h3 Bxf3 15. Nxf3 Rfb8 16. d4 a4 17. Bc2 b4 18. d5 Na5 19. b3 axb3 20. axb3 c5
21. cxb4 Rxb4 22. Ra3 Rb7 23. Rea1 Rba7 24. Qc3 Nac6 25. Rxa7 Rxa7 26. dxc6 Nxc6 27. Rxa7 Nxa7 28. Qa5 Qe7 29. Qb6 g5 30. Nd2 Nc8
31. Qb8 Qd8 32. Bd3 Kg7 33. Nf1 h5 34. Ba6 g4 35. Qxc8 Qxc8 36. Bxc8
1-0

[Event "2015: The Year Of Darkcoin"]
[Site "SchemingMind.com"]
[Date "2014.12.15"]
[Round "-"]
[White "berns"]
[Black "Derek Price"]
[Result "0-1"]
[WhiteCountry "ENG"]
[BlackCountry "ENG"]
[WhiteElo "1629"]
[WhiteRD "79"]
[BlackElo "2331"]
[BlackRD "73"]
[GameID "371341"]

1. d4 d5 2. Nf3 Nf6 3. b3 Bf5 4. e3 c6 5. Bd3 e6 6. Bxf5 exf5 7. Nc3 Bd6 8. Bb2 Nbd7 9. Qe2 O-O 10. O-O-O b5
11. a3 Qe7 12. b4 a5 13. bxa5 Bxa3 14. Bxa3 Qxa3+ 15. Kd2 Qxa5 16. Qd3 Ne4+ 17. Ke1 Nxc3 18. Rd2 Qa1+ 19. Rd1 Nxd1 20. Qxd1 Qxd1+
21. Kxd1 Ra1+
0-1

[Event "2015: The Year Of Darkcoin"]
[Site "SchemingMind.com"]
[Date "2014.12.14"]
[Round "-"]
[White "Derek Price"]
[Black "William Lindberg"]
[Result "1-0"]
[WhiteCountry "ENG"]
[BlackCountry "USA"]
[WhiteElo "2309"]
[WhiteRD "82"]
[BlackElo "2204"]
[BlackRD "67"]
[GameID "371342"]

1. e4 c5 2. Nf3 d6 3. d4 cxd4 4. Nxd4 e5 5. Nb3 Nf6 6. Nc3 Be7 7. Be2 O-O 8. O-O Nc6 9. Kh1 a5 10. a4 Be6
11. f4 Nb4 12. f5 Nd7 13. fxe6 fxe6 14. Rxf8+ Qxf8 15. Bf3 Qc8 16. Be3 Qc4 17. Qd2 Qc6 18. Rd1 Nf6 19. h3 h6 20. Nc1 Rc8
21. Nd3 Qc4 22. Kh2 Kh7 23. Rg1 Kg8 24. Rc1 Kh8 25. h4 Kg8 26. h5 Kh8 27. Kh1 Na6 28. Kg1 Nb4 29. Rd1 Na6 30. Ra1 Kg8
31. Kf2 Bd8 32. Kg3 Bc7 33. Kh3 Qc6 34. Qf2 Rf8 35. Qg3 Kh8 36. Qg6 Bb6 37. Bd2 Bd4 38. Kh2 Nc7 39. Ne2 Bb6 40. c3 Qc4
41. Ndc1 Na6 42. b3 Qc7 43. Nd3 Nb8 44. Rc1 Nc6 45. c4 Qd8 46. Re1 Bd4 47. Nxd4 Nxd4 48. Bd1 Nd7 49. Qg3 b6 50. Bc3 Nc6
51. Bg4 Qe7 52. Qe3 Nc5 53. Nxc5 bxc5 54. Qh3 Re8 55. Rf1 Kh7 56. Kg1 Kg8 57. Rf2 Kh7 58. Bd2 Kg8 59. Qf3 Rb8 60. Bh3 Nd4
61. Qg4 Kh8 62. Qg6 Rf8 63. Rxf8+ Qxf8 64. Bxe6 Ne2+ 65. Kh2 Nf4 66. Bxf4 exf4 67. Bf5 Kg8 68. Qe6+ Kh8 69. e5 dxe5 70. Qxe5 Qd8
71. Qxf4 Qe8 72. Bg6 Qd8 73. Kh3 Qc8+ 74. Qg4 Qb7 75. Bc2 g6 76. hxg6 Qe7 77. Qe4 Qc7 78. Qe8+ Kg7 79. Kg4 Kf6 80. Qf8+ Ke6
81. Bf5+ Ke5 82. Qh8+
1-0

[Event "2015: The Year Of Darkcoin"]
[Site "SchemingMind.com"]
[Date "2014.12.14"]
[Round "-"]
[White "William Lindberg"]
[Black "Derek Price"]
[Result "1/2-1/2"]
[WhiteCountry "USA"]
[BlackCountry "ENG"]
[WhiteElo "2176"]
[WhiteRD "65"]
[BlackElo "2332"]
[BlackRD "76"]
[GameID "371343"]

1. d4 d5 2. Nc3 Nf6 3. Bf4 e6 4. e3 Be7 5. Bd3 O-O 6. a3 Nbd7 7. Nb5 Ne8 8. Nf3 a6 9. Nc3 Nef6 10. h3 c5
11. a4 Qa5 12. O-O c4 13. Be2 h6 14. Ne5 Rd8 15. Qd2 Bb4 16. Bf3 Nxe5 17. Bxe5 Ne4 18. Bxe4 dxe4 19. Bg3 Bd7 20. Qe2 Bxc3
21. bxc3 Qxc3 22. Be5 f6 23. Bc7 Rdc8 24. Bb6 Bc6 25. a5 Rd8 26. Bxd8 Rxd8 27. Ra2 e5 28. dxe5 Rd2 29. Qe1 fxe5 30. Qa1 Qxa1
31. Rfxa1 Kh7 32. Kf1 Bb5 33. Rc1 Kg6 34. Ra3 Kg5 35. Rc3 Rd5 36. Ke1 Rc5 37. Ra3 Bc6 38. Kd2 c3+ 39. Ke1 Kf5=
1/2-1/2

[Event "2015: The Year Of Darkcoin"]
[Site "SchemingMind.com"]
[Date "2014.12.30"]
[Round "-"]
[White "pcmvr"]
[Black "Transcendent"]
[Result "1-0"]
[WhiteCountry "NED"]
[BlackCountry "ENG"]
[WhiteElo "2482"]
[WhiteRD "101"]
[BlackElo "1480"]
[BlackRD "68"]
[GameID "371993"]

1. b4 Nf6 2. Bb2 d5 3. Nf3 Bf5 4. e3 e6 5. a3 Be7 6. h3 O-O 7. Nh4 Bg6 8. Nxg6 hxg6 9. c4 dxc4 10. Bxc4 c6
11. O-O Nbd7 12. Be2 Nb6 13. Nc3 Rc8 14. Rc1 Nbd7 15. d4 Nd5 16. Qd3 N7f6 17. Na4 b6 18. g3 Bd6 19. e4 Nxb4 20. axb4 Bxb4
21. Qe3 Qe7 22. Rc2 Rfd8 23. Rfc1 Qe8 24. Ba6 Rc7 25. Qf4 c5 26. Qxc7
1-0

[Event "2015: The Year Of Darkcoin"]
[Site "SchemingMind.com"]
[Date "2014.12.29"]
[Round "-"]
[White "Transcendent"]
[Black "pcmvr"]
[Result "0-1"]
[WhiteCountry "ENG"]
[BlackCountry "NED"]
[WhiteElo "1450"]
[WhiteRD "71"]
[BlackElo "2425"]
[BlackRD "108"]
[GameID "371994"]

1. d4 e6 2. c4 Nf6 3. g3 d5 4. Nf3 Be7 5. Bg2 O-O 6. O-O Nbd7 7. Qc2 c6 8. Bf4 b6 9. Nbd2 Ba6 10. b3 c5
11. Rac1 cxd4 12. Nxd4 Rc8 13. Qd3 e5 14. Bxe5 Nxe5 15. Qe3 Nfg4 16. Qc3 dxc4 17. bxc4 Nxc4 18. Nc6 Rxc6 19. Nxc4 Rxc4 20. Qf3 Rxc1
21. Rxc1 Qd2
0-1

[Event "2015: The Year Of Darkcoin"]
[Site "SchemingMind.com"]
[Date "2014.12.30"]
[Round "-"]
[White "Derek Price"]
[Black "Transcendent"]
[Result "1-0"]
[WhiteCountry "ENG"]
[BlackCountry "ENG"]
[WhiteElo "2347"]
[WhiteRD "87"]
[BlackElo "1450"]
[BlackRD "71"]
[GameID "371995"]

1. e4 e6 2. d3 d5 3. Nd2 Nf6 4. Ngf3 Be7 5. g3 c5 6. Bg2 O-O 7. O-O Nc6 8. Re1 b5 9. e5 Nd7 10. Nf1 a5
11. h4 Ba6 12. Bf4 b4 13. N1h2 a4 14. a3 bxa3 15. bxa3 c4 16. dxc4 Bxc4 17. Nd2 Ba6 18. Ng4 Rb8 19. c4 Nb6 20. Ne3 Bc5
21. cxd5 Nxd5 22. Nxd5 exd5 23. Rc1 Qb6 24. Be3 Bxe3 25. Rxe3 Rfd8 26. e6 fxe6 27. Rxe6 Rbc8 28. Qh5 Qb2 29. Rcxc6 Bb5 30. Bxd5 Kh8
31. Be4 Qa1+ 32. Kh2
1-0

[Event "2015: The Year Of Darkcoin"]
[Site "SchemingMind.com"]
[Date "2014.12.29"]
[Round "-"]
[White "Transcendent"]
[Black "Derek Price"]
[Result "0-1"]
[WhiteCountry "ENG"]
[BlackCountry "ENG"]
[WhiteElo "1422"]
[WhiteRD "66"]
[BlackElo "2323"]
[BlackRD "85"]
[GameID "371996"]

1. d4 d5 2. c4 c6 3. Nf3 Nf6 4. e3 e6 5. Qc2 Nbd7 6. b3 b6 7. Bb2 Bb7 8. Nc3 Rc8 9. Rc1 Qc7 10. Bd3 h6
11. O-O Be7 12. e4 dxe4 13. Nxe4 O-O 14. Rfe1 Rcd8 15. Nxf6+ Nxf6 16. Rcd1 c5 17. Qe2 cxd4 18. Nxd4 Bc5 19. Nb5 Qc6 20. Qf1 Ng4
21. Be4 Bxf2+ 22. Kh1 Rxd1 23. Rxd1 Qxe4 24. Bc1 Qe5
0-1

[Event "2015: The Year Of Darkcoin"]
[Site "SchemingMind.com"]
[Date "2015.01.03"]
[Round "-"]
[White "smothered mate"]
[Black "Transcendent"]
[Result "1-0"]
[WhiteCountry "POL"]
[BlackCountry "ENG"]
[WhiteElo "1845"]
[WhiteRD "69"]
[BlackElo "1450"]
[BlackRD "71"]
[GameID "371997"]

1. e4 e6 2. d4 d5 3. e5 c5 4. Nf3 Nc6 5. Bd3 Bd7 6. dxc5 Bxc5 7. O-O Nge7 8. Bf4 Ng6 9. Bg3 O-O 10. Nbd2 Rc8
11. Nb3 Bb6 12. h4 Bc7 13. Qe2 f6 14. Rfe1 Nb4 15. Bxg6 hxg6 16. a3 Nxc2 17. Qxc2 Be8 18. Qe2 a6 19. Nbd4 Bd7 20. Qd3 f5
21. Bf4 Bb6 22. Bg5 Qe8 23. Ne2 Bb5 24. Qb3 Bd8 25. Nf4 b6 26. Nd4 Bd7 27. Re3 Bxg5 28. hxg5 b5 29. Qb4 Rc4 30. Qd2 Qf7
31. b3 Rc5 32. Rh3 Rfc8 33. Kh2 Qe7 34. Nxg6
1-0

[Event "2015: The Year Of Darkcoin"]
[Site "SchemingMind.com"]
[Date "2015.01.03"]
[Round "-"]
[White "Transcendent"]
[Black "smothered mate"]
[Result "0-1"]
[WhiteCountry "ENG"]
[BlackCountry "POL"]
[WhiteElo "1450"]
[WhiteRD "71"]
[BlackElo "1845"]
[BlackRD "69"]
[GameID "371998"]

1. d4 d5 2. c4 e6 3. Nf3 c5 4. cxd5 exd5 5. Nc3 Nc6 6. g3 c4 7. Bg2 Bb4 8. O-O Nge7 9. e3 O-O 10. Qc2 Bf5
11. Qd1 Bd3 12. Re1 Qd7 13. Bd2 Rfd8 14. a3 Ba5 15. Rc1 Rac8 16. b3 a6 17. b4 Bc7 18. Bf1 Bf5 19. Nh4 Bh3 20. Bxh3 Qxh3
21. Qe2 Rd6 22. Qf1 Qd7 23. Na4 g5 24. Nc5 Qg4 25. h3 Qh5 26. Ng2 Qxh3 27. e4 Nxd4 28. f4 g4 29. Rc3 Rh6 30. f5 Bxg3
0-1

[Event "2015: The Year Of Darkcoin"]
[Site "SchemingMind.com"]
[Date "2014.12.30"]
[Round "-"]
[White "Scooter"]
[Black "Transcendent"]
[Result "0-1"]
[WhiteCountry "USA"]
[BlackCountry "ENG"]
[WhiteElo "1713"]
[WhiteRD "44"]
[BlackElo "1422"]
[BlackRD "66"]
[GameID "371999"]

1. d4 d5 2. Nf3 Nf6 3. Bf4 c5 4. c3 Qb6 5. Qb3 Nc6 6. Nbd2 c4 7. Qxb6 axb6 8. e3 Bf5 9. Be2 b5 10. O-O b4
11. h3 bxc3 12. bxc3 e6 13. Nh4 Bg6 14. Nxg6 hxg6 15. Nf3 Ra3 16. Rfc1 Ne4 17. Ne1 Nxc3 18. Bf3 b5 19. Nc2 Ra8 20. Ne1 b4
21. a3 Be7 22. axb4 Rxa1 23. Rxa1 O-O 24. Nc2 Nxb4 25. Nxb4 Bxb4 26. Rc1 Ra8 27. Kf1 f6 28. Bg4 Kf7 29. h4 Ne4 30. Bf3 Nd2+
31. Kg1 Nxf3+ 32. gxf3 Ra3 33. Kf1 Ra2 34. e4 Bd2 35. Bxd2 Rxd2 36. exd5 exd5 37. Ke1 Rxd4 38. Rd1 Rxd1+ 39. Kxd1 Ke6
0-1

[Event "2015: The Year Of Darkcoin"]
[Site "SchemingMind.com"]
[Date "2014.12.29"]
[Round "-"]
[White "Transcendent"]
[Black "Scooter"]
[Result "1-0"]
[WhiteCountry "ENG"]
[BlackCountry "USA"]
[WhiteElo "1589"]
[WhiteRD "69"]
[BlackElo "1731"]
[BlackRD "44"]
[GameID "372000"]

1. c4 e5 2. g3 Nc6 3. Bg2 Bc5 4. Nc3 d6 5. e3 Nge7 6. Nge2 a6 7. O-O Be6 8. b3 O-O 9. d4 exd4 10. exd4 Bb6
11. d5 Bf5 12. dxc6 bxc6 13. Bg5 h6 14. Bxe7 Qxe7 15. Bxc6 Rab8 16. Nf4 Qf6 17. Ncd5
1-0

[Event "2015: The Year Of Darkcoin"]
[Site "SchemingMind.com"]
[Date "2015.01.03"]
[Round "-"]
[White "Transcendent"]
[Black "eun77"]
[Result "1-0"]
[WhiteCountry "ENG"]
[BlackCountry "ISR"]
[WhiteElo "1480"]
[WhiteRD "68"]
[BlackElo "1255"]
[BlackRD "71"]
[GameID "372001"]

1. d4 d5 2. c4 c6 3. Nf3 e6 4. g3 h6 5. Bg2 Nf6 6. O-O Be7 7. Qc2 O-O 8. cxd5 cxd5 9. Bf4 Nh7 10. Nbd2 Nc6
11. Rac1 Bg5 12. Bxg5 Nxg5 13. e3 Nxf3+ 14. Nxf3 f5 15. a3 Bd7 16. b4 a6 17. Nd2 Rc8 18. Qb2 Ne7 19. Nf3 Rxc1 20. Rxc1 Bc6
21. Ne5 Qe8 22. f3 Ng6 23. Nd3 Qe7 24. Nc5 Kh7 25. Nxa6 Rc8 26. Nc5 Nf8 27. Rc3 Nd7 28. Qc1 Nxc5 29. Rxc5 Qe8 30. b5 Bd7
31. b6 Bc6 32. e4 dxe4 33. fxe4 fxe4 34. Qc2 Qg6 35. a4 Rd8 36. Rxc6 bxc6 37. Bxe4 Qxe4 38. Qxe4+ Kh8 39. b7
1-0

[Event "2015: The Year Of Darkcoin"]
[Site "SchemingMind.com"]
[Date "2015.01.03"]
[Round "-"]
[White "eun77"]
[Black "Transcendent"]
[Result "0-1"]
[WhiteCountry "ISR"]
[BlackCountry "ENG"]
[WhiteElo "1264"]
[WhiteRD "56"]
[BlackElo "1422"]
[BlackRD "66"]
[GameID "372002"]

1. e4 c6 2. d3 d5 3. exd5 cxd5 4. h3 Nf6 5. Nf3 Nc6 6. Be2 e6 7. O-O Bc5 8. Be3 O-O 9. Bxc5 Re8 10. Nh2 b6
0-1

[Event "2015: The Year Of Darkcoin"]
[Site "SchemingMind.com"]
[Date "2014.12.29"]
[Round "-"]
[White "Transcendent"]
[Black "berns"]
[Result "0-1"]
[WhiteCountry "ENG"]
[BlackCountry "ENG"]
[WhiteElo "1422"]
[WhiteRD "66"]
[BlackElo "1666"]
[BlackRD "72"]
[GameID "372003"]

1. d4 g6 2. c4 Bg7 3. Nc3 Nf6 4. g3 d6 5. Bg2 O-O 6. Nf3 b6 7. Ne5 dxe5 8. dxe5 Qxd1+ 9. Nxd1 c6 10. exf6 Bxf6
11. O-O a5 12. Be3 b5 13. cxb5 Bd7 14. bxc6 Nxc6 15. Nc3 Rab8 16. Rab1 Rfc8 17. Rfd1 Be6 18. Ne4 Bxa2 19. Nxf6+ exf6 20. Rbc1 Ne5
21. Bh6 Ng4 22. Bf4 Rxc1 23. Rxc1 Rxb2 24. h3 Ne5 25. Bh6 Rb1 26. Rxb1 Bxb1 27. Bf4 a4 28. Bc1 Nc4 29. Bd5 Nb6 30. Bc6 f5
31. Ba3 Bc2 32. Bb5 h5 33. Kg2 Kg7 34. Bc5 Nd5 35. Kf3 Be4#
0-1

[Event "2015: The Year Of Darkcoin"]
[Site "SchemingMind.com"]
[Date "2014.12.30"]
[Round "-"]
[White "berns"]
[Black "Transcendent"]
[Result "0-1"]
[WhiteCountry "ENG"]
[BlackCountry "ENG"]
[WhiteElo "1619"]
[WhiteRD "74"]
[BlackElo "1450"]
[BlackRD "71"]
[GameID "372004"]

1. e4 e6 2. d4 d5 3. Nc3 Bb4 4. e5 c5 5. Ne2 cxd4 6. Nxd4 Ne7 7. Bd2 a6 8. Bd3 Nbc6 9. Nxc6 Nxc6 10. Qg4 g6
11. O-O-O Ba5 12. a3 Nxe5 13. Qd4 Nxd3+ 14. Qxd3 b5 15. Na2 Bxd2+ 16. Rxd2 O-O 17. h4 Bb7 18. g4 Rc8 19. f4 Rc4 20. Rf2 Qb6
21. Rhh2 Rxf4 22. Qd2 Rxg4 23. Kb1 Rg1+ 24. Nc1 a5 25. Rhg2 Rxg2 26. Rxg2 d4 27. Rg3 Rc8 28. Nd3 Be4 29. Rg4 Bxd3 30. cxd3 Qc5
31. Rg5 Qc6 32. Qd1 b4 33. Rxa5 bxa3 34. Rxa3 Qg2 35. Ra4 e5 36. Ra5 Qh2 37. Qb3 Qxh4 38. Rxe5 Qh1+ 39. Ka2 Ra8+ 40. Qa3 Rxa3+
41. Kxa3 Qa8+
0-1

[Event "2015: The Year Of Darkcoin"]
[Site "SchemingMind.com"]
[Date "2014.12.29"]
[Round "-"]
[White "Transcendent"]
[Black "William Lindberg"]
[Result "0-1"]
[WhiteCountry "ENG"]
[BlackCountry "USA"]
[WhiteElo "1422"]
[WhiteRD "66"]
[BlackElo "2191"]
[BlackRD "70"]
[GameID "372005"]

1. d4 Nf6 2. c4 e6 3. g3 d5 4. Nf3 dxc4 5. Bg2 Nc6 6. O-O Rb8 7. Bg5 Be7 8. e3 O-O 9. Qc2 b5 10. a3 Bb7
11. Nc3 Na5 12. Rad1 Nb3 13. Ne5 Bxg2 14. Kxg2 Rb6 15. Bxf6 Bxf6 16. Ne4 Qd5 17. Kg1 Bxe5 18. dxe5 Qxe5 19. Nd2 Nxd2 20. Rxd2 Rd6
21. Rfd1 Rfd8 22. Rxd6 Rxd6 23. Rxd6 cxd6 24. a4 a6 25. axb5 axb5 26. Kg2 g6 27. h4 Qf5 28. Qd2 Qe4+ 29. f3 Qd5 30. Qa5 Qd1
31. Qxb5 Qe2+ 32. Kh3 Qxf3 33. Qb8+ Kg7 34. Qxd6 Qh1+ 35. Kg4 f5+ 36. Kf4 Qe4+ 37. Kg5 Qg4#
0-1

[Event "2015: The Year Of Darkcoin"]
[Site "SchemingMind.com"]
[Date "2014.12.30"]
[Round "-"]
[White "William Lindberg"]
[Black "Transcendent"]
[Result "1-0"]
[WhiteCountry "USA"]
[BlackCountry "ENG"]
[WhiteElo "2186"]
[WhiteRD "67"]
[BlackElo "1589"]
[BlackRD "69"]
[GameID "372006"]

1. c4 Nf6 2. d4 g6 3. Nc3 Bg7 4. e4 d6 5. Nf3 O-O 6. h3 h6 7. Be3 e5 8. dxe5 dxe5 9. Qc2 c6 10. Rd1 Qc7
11. Qd2 Be6 12. Bc5 Re8 13. Bd6 Qb6 14. b3 Rd8 15. Na4 Qa6 16. c5 b5 17. cxb6 Qb7 18. Nc5 Qxb6 19. Na4 Qb7 20. Qa5 Nbd7
21. Ba6
1-0

[Event "2015: The Year Of Darkcoin"]
[Site "SchemingMind.com"]
[Date "2014.12.30"]
[Round "-"]
[White "pcmvr"]
[Black "Eric Caesar"]
[Result "1-0"]
[WhiteCountry "NED"]
[BlackCountry "NED"]
[WhiteElo "2462"]
[WhiteRD "121"]
[BlackElo "1929"]
[BlackRD "76"]
[GameID "372064"]

1. b4 Nf6 2. Bb2 e6 3. b5 b6 4. Nf3 Bb7 5. e3 d6 6. d4 Nbd7 7. a4 Be7 8. Bd3 O-O 9. O-O c5 10. bxc6 Bxc6
11. c4 Be4 12. Nc3 Bxd3 13. Qxd3 d5 14. cxd5 exd5 15. Qb5 Nb8 16. Rfc1 Qd7 17. Ne5 Qxb5 18. axb5 Rd8 19. Na4 Nfd7 20. Nc6 Re8
21. Nxe7+ Rxe7 22. Rc8+ Nf8 23. Ba3
1-0

[Event "2015: The Year Of Darkcoin"]
[Site "SchemingMind.com"]
[Date "2014.12.29"]
[Round "-"]
[White "Eric Caesar"]
[Black "pcmvr"]
[Result "0-1"]
[WhiteCountry "NED"]
[BlackCountry "NED"]
[WhiteElo "1929"]
[WhiteRD "76"]
[BlackElo "2462"]
[BlackRD "121"]
[GameID "372065"]

1. d4 e6 2. Nf3 Nf6 3. e3 c5 4. c3 b6 5. Bd3 Bb7 6. Nbd2 Be7 7. O-O Nc6 8. e4 cxd4 9. cxd4 Nb4 10. Bb1 Ba6
11. Re1 Nd3 12. Re3 Nxf2 13. Qa4 N2g4 14. Re1 Bb7 15. h3 Nh6 16. Nf1 O-O 17. Bxh6 gxh6 18. Bd3 Rc8 19. N1d2 a5 20. Qd1 Nh5
21. Ne5 Nf4 22. Qg4+ Ng6 23. Ndf3 d6 24. Nc4 Kh8 25. Qh5 Nf4
0-1

[Event "2015: The Year Of Darkcoin"]
[Site "SchemingMind.com"]
[Date "2014.12.29"]
[Round "-"]
[White "Derek Price"]
[Black "Eric Caesar"]
[Result "1-0"]
[WhiteCountry "ENG"]
[BlackCountry "NED"]
[WhiteElo "2332"]
[WhiteRD "76"]
[BlackElo "1936"]
[BlackRD "79"]
[GameID "372066"]

1. e4 e5 2. Nf3 Nc6 3. Bb5 a6 4. Ba4 d6 5. O-O Bd7 6. c3 Nge7 7. d4 Ng6 8. Nbd2 Be7 9. Re1 O-O 10. Nf1 Bf6
11. d5 Nb8 12. Bxd7 Nxd7 13. Be3 Nh4 14. Nxh4 Bxh4 15. Qg4 Bf6 16. a4 g6 17. Nd2 Bg7 18. Qd1 f5 19. exf5 gxf5 20. f3 b6
21. Qc2 Qc8 22. Rad1 Nf6 23. c4 Nd7 24. Bf2 a5 25. Nb3 Qd8 26. Rd2 Qg5 27. Rde2 Kh8 28. Rf1 Rg8 29. Be1 Bh6 30. f4 exf4
31. Bc3+ Bg7 32. Nd4 Nc5 33. Nxf5 Raf8 34. Nxg7 Rxg7 35. Ref2 Kg8 36. Bxg7 Kxg7 37. g3 Nd7 38. Rxf4 Rxf4 39. Rxf4 Ne5 40. b3 h5
41. Qf5 Qxf5 42. Rxf5 Nd7 43. Rxh5 Nc5 44. Rg5+ Kf6 45. Rg8 Nxb3 46. h4 Nc5 47. h5 Kf7 48. Rg4
1-0

[Event "2015: The Year Of Darkcoin"]
[Site "SchemingMind.com"]
[Date "2014.12.29"]
[Round "-"]
[White "Eric Caesar"]
[Black "Derek Price"]
[Result "0-1"]
[WhiteCountry "NED"]
[BlackCountry "ENG"]
[WhiteElo "1936"]
[WhiteRD "79"]
[BlackElo "2332"]
[BlackRD "76"]
[GameID "372067"]

1. d4 d5 2. Nf3 Nf6 3. e3 e6 4. Bd3 c5 5. c3 Nc6 6. Nbd2 Bd6 7. O-O O-O 8. Qe2 Qc7 9. dxc5 Bxc5 10. e4 h6
11. e5 Nd7 12. Re1 f6 13. exf6 Rxf6 14. Nb3 Bb6 15. Bc2 Nde5 16. Nbd4 Nxf3+ 17. Nxf3 e5 18. Qd3 Be6 19. Qh7+ Kf7 20. Ba4 Bf5
0-1

[Event "2015: The Year Of Darkcoin"]
[Site "SchemingMind.com"]
[Date "2015.01.03"]
[Round "-"]
[White "smothered mate"]
[Black "Eric Caesar"]
[Result "0-1"]
[WhiteCountry "POL"]
[BlackCountry "NED"]
[WhiteElo "1867"]
[WhiteRD "70"]
[BlackElo "1942"]
[BlackRD "74"]
[GameID "372068"]

1. e4 e5 2. Nf3 Nc6 3. Bc4 Bc5 4. c3 Bb6 5. d4 Qe7 6. O-O d6 7. d5 Nb8 8. a4 a6 9. Bg5 Nf6 10. a5 Ba7
11. Nbd2 O-O 12. h3 h6 13. Bxf6 Qxf6 14. Nh2 Nd7 15. Ng4 Qf4 16. Kh1 Nf6 17. g3 Bxg4 18. gxf4 Bxd1 19. Raxd1 exf4 20. Bd3 Nd7
21. Nf3 Rae8 22. Nd4 g6 23. f3 Ne5 24. Be2 Rc8 25. Nc2 Rfd8 26. Ne1 c6 27. Ng2 g5 28. dxc6 Rxc6 29. Rd5 b5 30. axb6 Rxb6
31. b4 Rc8 32. h4 Rxc3 33. Rfd1 Bb8 34. hxg5 hxg5 35. Ne1 Rxb4 36. Nd3 Rxd3 37. Bxd3 Nxf3 38. Kg2 Ne5 39. Bxa6 Rxe4 40. Bd3 Re3
41. Bf5 Rg3+ 42. Kh1 Rb3 43. Rc1 Rb2 44. Be4 Kg7 45. Rc8 f3 46. Rc1 g4 47. Rdd1 g3 48. Rg1 Rh2#
0-1